000 00448nam a2200181Ia 4500
001 19585
005 20260306172704.0
008 260306t2017||||xx |||||||||||||| ||spa||
041 _aESP
082 _a340.7
_bE373 N° 11
100 _aRuiz de Castilla, Francisco
_eAUT
245 0 _aDerecho tributario:
_btemas básicos
260 _c2017
300 _a200 páginas :
_c20 cm.
650 _aGEN
654 _aCDE
942 _cLIB
_dJUS
_fJUS
_2ddc
_n
999 _c19585
_d19585